Регионална библиотека "Любен Каравелов" - Русе

Нормален изглед MARC изглед
  • Музей на народните художествени занаяти и приложните изкуства -Троян

Вход 09. Предметна рубрика

Брой записи, използвани в: 0

001 - Контролен номер на записа

  • Контролно поле: 486637

003 - Код на организацията, даваща контролен номер

  • Контролно поле: BLK

005 - Дата и час на последна промяна на записа

  • Контролно поле: 20230321094353.0

008 - Данни с фиксирана дължина – обща информация

  • Данни с фиксирана дължина : 230321|| aca||babn | a|a d

150 ## - ТЕМАТИЧНА ПРЕДМЕТНА РУБРИКА

  • Редна дума или Топографско име: Музей на народните художествени занаяти и приложните изкуства -Троян

942 ## - Системна служебна употреба

  • Koha auth type: TOPIC_TERM
Vip Innovations Ltd, Rousse, Bulgaria 2025